000 00694nam a2200193Ii 4500
003 JO-AjNU
008 230605s9999||||xx |||||||||||||| ||und||
040 _aJO-AjNU
_bara
_erda
_cJO-AjNU
041 _aara
050 1 4 _aPJ6161.A2 1900
100 3 _aتأليف الجرحاني، عبد القادر؛ تصحيح السيد محمد رشيد رضا,
_eauthor
_911572
245 0 0 _aأسرار البلاغة في علم البيان
264 3 1 _aالقاهرة: دار ابن تيمية، 1900
300 _a308ص
336 _atext
_btxt
_2rdacontent
337 _aunmediated
_bn
_2rdamedia
338 _avolume
_bnc
_2rdacarrier
650 4 _aاللغة العربية - البلاغة
_911573
999 _aA2394
_c5962
_d5962